福島県の市町村(1960年) - Statistics

General Stats
  • This quiz has been taken 62 times
  • The average score is 83 of 120
Answer Stats
No. 市町村 備考 % Correct
1 福島市
100%
3 郡山市
100%
2 会津若松市
96%
5 白河市
96%
4 平市 1966年消滅
92%
7 須賀川市
92%
8 喜多方市
92%
11 相馬市
92%
14 二本松市
92%
20 伊達郡 伊達町 2006年消滅
88%
50 南会津郡 檜枝岐村
88%
53 南会津郡 只見町
88%
59 耶麻郡 西会津町
88%
6 原町市 2006年消滅
85%
19 伊達郡 桑折町
85%
30 安達郡 本宮町 2007年消滅
85%
60 耶麻郡 磐梯町
85%
61 耶麻郡 猪苗代町
85%
63 河沼郡 会津坂下町
85%
65 河沼郡 柳津町
85%
93 田村郡 小野町
85%
111 双葉郡 富岡町
85%
115 双葉郡 浪江町
85%
9 磐城市 1966年消滅
81%
13 勿来市 1966年消滅
81%
21 伊達郡 国見町
81%
47 南会津郡 田島町 2006年消滅
81%
48 南会津郡 下郷町
81%
64 河沼郡 湯川村
81%
74 東白川郡 矢祭村 1963年昇格
81%
75 東白川郡 塙町
81%
78 西白河郡 西郷村
81%
82 西白河郡 中島村
81%
83 西白河郡 矢吹町
81%
90 田村郡 三春町
81%
110 双葉郡 楢葉町
81%
113 双葉郡 大熊町
81%
114 双葉郡 双葉町
81%
120 相馬郡 飯舘村
81%
10 常磐市 1966年消滅
77%
27 伊達郡 飯野町 2008年消滅
77%
28 安達郡 安達町 2005年消滅
77%
29 安達郡 大玉村
77%
46 岩瀬郡 天栄村
77%
55 耶麻郡 熱塩加納村 2006年消滅
77%
56 耶麻郡 北塩原村
77%
70 大沼郡 三島村 1961年昇格
77%
73 東白川郡 棚倉町
77%
85 石川郡 石川町
77%
89 石川郡 浅川町
77%
109 双葉郡 広野町
77%
116 双葉郡 葛尾村
77%
24 伊達郡 霊山町 2006年消滅
73%
26 伊達郡 川俣町
73%
44 岩瀬郡 鏡石村 1962年昇格
73%
54 北会津郡 北会津村 2004年消滅
73%
72 大沼郡 昭和村
73%
76 東白川郡 鮫川村
73%
81 西白河郡 泉崎村
73%
86 石川郡 玉川村
73%
98 田村郡 船引町 2005年消滅
73%
99 田村郡 田村町 1965年消滅
73%
112 双葉郡 川内村
73%
117 相馬郡 新地村 1971年昇格
73%
22 伊達郡 梁川町 2006年消滅
69%
23 伊達郡 保原町 2006年消滅
69%
67 大沼郡 会津高田町 2005年消滅
69%
71 大沼郡 金山町
69%
77 東白川郡 古殿町 1994年郡変更
69%
118 相馬郡 鹿島町 2006年消滅
69%
12 内郷市 1966年消滅
65%
33 安達郡 東和町 2005年消滅
65%
34 安積郡 安積町 1965年消滅
65%
43 岩瀬郡 長沼町 2005年消滅
65%
45 岩瀬郡 岩瀬村 2005年消滅
65%
52 南会津郡 南郷村 2006年消滅
65%
66 河沼郡 河東村 1978年昇格
65%
68 大沼郡 本郷町 1992年改称
65%
69 大沼郡 新鶴村 2005年消滅
65%
79 西白河郡 表郷村 2005年消滅
65%
96 田村郡 都路村 2005年消滅
65%
107 双葉郡 久之浜町 1966年消滅
65%
119 相馬郡 小高町 2006年消滅
65%
15 信夫郡 飯坂町 1964年消滅
62%
25 伊達郡 月舘町 2006年消滅
62%
31 安達郡 白沢村 2007年消滅
62%
57 耶麻郡 塩川町 2006年消滅
62%
84 西白河郡 大信村 2005年消滅
62%
88 石川郡 平田村
62%
95 田村郡 大越町 2005年消滅
62%
32 安達郡 岩代町 2005年消滅
58%
49 南会津郡 舘岩村 2006年消滅
58%
51 南会津郡 伊南村 2006年消滅
58%
58 耶麻郡 山都町 2006年消滅
58%
80 西白河郡 東村 2005年消滅
58%
94 田村郡 滝根町 2005年消滅
58%
17 信夫郡 信夫村 1966年消滅
54%
18 信夫郡 松川町 1966年消滅
54%
39 安積郡 日和田町 1965年消滅
54%
42 安積郡 熱海町 1965年消滅
54%
62 耶麻郡 高郷村 2006年消滅
54%
97 田村郡 常葉町 2005年消滅
54%
38 安積郡 喜久田村 1965年消滅
50%
40 安積郡 富久山町 1965年消滅
50%
108 双葉郡 大久村 1966年消滅
50%
105 石城郡 四倉町 1966年消滅
46%
92 田村郡 中田村 1965年消滅
42%
101 石城郡 田人村 1966年消滅
42%
106 石城郡 川前村 1966年消滅
42%
41 安積郡 湖南村 1965年消滅
38%
100 石城郡 遠野町 1966年消滅
38%
102 石城郡 好間村 1966年消滅
38%
103 石城郡 小川町 1966年消滅
38%
104 石城郡 三和村 1966年消滅
38%
91 田村郡 西田村 1965年消滅
35%
16 信夫郡 吾妻村 1962年昇格
31%
36 安積郡 逢瀬村 1965年消滅
23%
37 安積郡 片平村 1965年消滅
23%
87 石川郡 大東村 1967年消滅
23%
35 安積郡 三穂田村 1965年消滅
15%
No matching quizzes found
Score Distribution
Percent of People with Each Score
Percentile by Number Answered
Your Score History
You have not taken this quiz